| 000 | 00512nam a2200169 4500 | ||
|---|---|---|---|
| 005 | 20260311134300.0 | ||
| 008 | 260311b |||||||| |||| 00| 0 eng d | ||
| 020 | _a9780334066507 | ||
| 050 |
_aBT83.57 _b.H38 2025 |
||
| 245 | _aHaunting questions of liberation theology / | ||
| 260 |
_aLondon : _bSCM Press, _c2025. |
||
| 300 |
_axi, 219 pages ; _c24 cm |
||
| 500 | _aIncludes bibliographical references and index. | ||
| 650 | _aLiberation theology | ||
| 700 |
_aHavea, Jione, 1965- _eed. |
||
| 942 |
_2lcc _cBK |
||
| 999 |
_c60237 _d60237 |
||